• 首页
  • 本馆介绍
  • 公告通知
  • 最新文献
  • 馆藏检索
  • 电子资源
  • 读者导购
  • 参考咨询
  • 我的图书馆
  • 登录
  • 详细信息显示
  • 放入我的书架
  • 预约/预借图书
  • 作者相关作品
  • 分类相关作品
  • 丛书相关作品
  • 出版社相关作品

书目信息

  • 表格格式
  • 工作单格式
  • 卡片格式
题名:
古文字类编
    
 
作者: 高明 编
分册:  
出版信息: 北京   中华书局  1980
页数: 658页
开本: 25cm
丛书名:
单 册:
中图分类: H028
科图分类:
主题词: 文字学
电子资源:
ISBN:
000 00580nam0 2200229 45
001 0180004595
005 20070801170705.62
010    @b精装@dCNY7.80
091    @a9018.112
100    @a19950526d1980 emky0chiy0121 ea
101 0  @achi
102    @aCN@b110000
105    @ay z 000yy
200 10 @a古文字类编@Agu wen zi lei bian@f高明编@Fgao ming bian
210    @a北京@c中华书局@d1980
215    @a658页@d25cm
606 0  @a文字学
690    @aH028@v4
701  0 @a高明@Agao ming@4编
801  2 @aCN@bNLC@c20070801
801  0 @aCN@b上海图书馆@c20060803
905    @dH028@e7
    
    古文字类编/高明编.-北京:中华书局,1980
    658页;25cm
    
    
    ISBN (精装):CNY7.80
    
●
相关链接 在E读中查询图书 在五车中查询图书 在当当中查询图书 在豆瓣中查询图书


正题名:古文字类编     索取号:H028/7         预约/预借

序号 登录号 条形码 馆藏地/架位号 状态 备注
1 0051089   000819163   第四借阅区/ [索取号:H028/7] 在馆    
2 0062358   202075789   第二样本阅览室/ [索取号:H028/7] 在馆    
3 0421051   204210512   密集书库/ [索取号:H028/7] 在馆    
4 0444399   204443995   密集书库/ [索取号:H028/7] 在馆    
5 0444400   204444002   密集书库/ [索取号:H028/7] 在馆    
6 0790604   207906042   密集书库/ [索取号:H028/7] 在馆    
唐山师范学院图书馆 欢迎您!
大连网信软件有限公司© 版权所有